[Event "Cochabamba op 6th"]
[Site "Cochabamba"]
[Date "2023.03.03"]
[Round "4"]
[White "Garcia Alay, Marcial"]
[Black "Fuentes Diaz, Luis Sebastian"]
[Result "1-0"]
[WhiteElo "1443"]
[BlackElo "1012"]
[PlyCount "89"]
[EventDate "2023.03.02"]
[EventType "swiss"]
[EventRounds "7"]
[EventCountry "BOL"]
[SourceTitle "CBM 213 Extra"]
[Source "ChessBase"]
[SourceDate "2023.05.31"]
[SourceVersion "1"]
[SourceVersionDate "2023.05.31"]
[SourceQuality "1"]

1. e4 g6 2. d4 Bg7 3. Bc4 Nh6 4. c3 d6 5. Nf3 0-0 6. 0-0 Nd7 7. Bg5 Nb6 8. Bb3 a5 9. a4 Kh8 10. Qd2 Ng8 11. h3 f6 12. Be3 f5 13. Ng5 Qe8 14. exf5 Bxf5 15. Ne6 Bxe6 16. Bxe6 d5 17. h4 Qc6 18. Bxg8 Kxg8 19. b3 Nd7 20. Bh6 Nf6 21. Bxg7 Kxg7 22. f3 Qd6 23. Re1 Rfe8 24. Qg5 c5 25. Qe5 cxd4 26. cxd4 Qxe5 27. Rxe5 Rac8 28. Na3 Kf7 29. Nb5 Rc6 30. Rae1 e6 31. R1e2 Ke7 32. g4 Kd7 33. Kf2 Re7 34. Kg3 Rc1 35. R5e3 Rh1 36. Rc3 Kd8 37. Rec2 Ke8 38. Rc8+ Kf7 39. Nd6+ Kg7 40. R2c7 Rxc7 41. Rxc7+ Kg8 42. Rxb7 Rb1 43. Kf4 Rf1 44. Rc7 Kf8 45. Rf7+ 1-0

[Event "Oruro op 8th"]
[Site "Oruro"]
[Date "2022.05.07"]
[Round "6"]
[White "Garcia Alay, Marcial"]
[Black "Coro, Soledad"]
[Result "1-0"]
[WhiteElo "1537"]
[BlackElo "1713"]
[PlyCount "67"]
[EventDate "2022.05.05"]
[EventType "swiss"]
[EventRounds "7"]
[EventCountry "BOL"]
[SourceTitle "CBM 208 Extra"]
[Source "ChessBase"]
[SourceDate "2022.07.31"]
[SourceVersion "1"]
[SourceVersionDate "2022.07.31"]
[SourceQuality "1"]

1. e4 c5 2. Nf3 Nc6 3. d4 cxd4 4. Nxd4 d6 5. c4 Nf6 6. Nc3 Bd7 7. Nc2 g6 8. Be2 Bg7 9. 0-0 0-0 10. Rb1 Rc8 11. b3 Ne5 12. f4 Neg4 13. Bxg4 Nxg4 14. Nd5 e6 15. Nde3 Nf6 16. e5 dxe5 17. fxe5 Ne4 18. Bb2 Qc7 19. Ng4 Bc6 20. Nf6+ Nxf6 21. exf6 Rfd8 22. Qe2 Bf8 23. Rbd1 Bd6 24. h3 Bh2+ 25. Kh1 Bd6 26. Nd4 Bd7 27. Nf3 Re8 28. Be5 Bxe5 29. Nxe5 Bc6 30. Qe3 Kh8 31. Rd4 g5 32. Rfd1 Rg8 33. Rd7 Qxd7 34. Nxd7 1-0

[Event "Oruro op 8th"]
[Site "Oruro"]
[Date "2022.05.06"]
[Round "3"]
[White "Velasquez Nava, Marcia"]
[Black "Garcia Alay, Marcial"]
[Result "0-1"]
[WhiteElo "1145"]
[BlackElo "1537"]
[PlyCount "136"]
[EventDate "2022.05.05"]
[EventType "swiss"]
[EventRounds "7"]
[EventCountry "BOL"]
[SourceTitle "CBM 208 Extra"]
[Source "ChessBase"]
[SourceDate "2022.07.31"]
[SourceVersion "1"]
[SourceVersionDate "2022.07.31"]
[SourceQuality "1"]

1. d4 f5 2. Bf4 Nf6 3. e3 e6 4. c4 Be7 5. Nc3 d6 6. Nf3 b6 7. Be2 0-0 8. 0-0 a6 9. Rc1 Qe8 10. b4 h6 11. h3 g5 12. Bh2 Qg6 13. Ne1 h5 14. f4 g4 15. hxg4 hxg4 16. g3 Rf7 17. Kf2 Rh7 18. Rh1 Nbd7 19. Bf1 Nf8 20. Bg2 Ra7 21. Nd3 Ne4+ 22. Nxe4 fxe4 23. Nb2 d5 24. cxd5 exd5 25. Qb3 Qe6 26. a4 Bd7 27. Nd1 c6 28. Nc3 Kg7 29. b5 axb5 30. axb5 Rh5 31. bxc6 Qxc6 32. Nxe4 Qh6 33. Nc3 Ra3 34. Qb2 Ra5 35. Qe2 b5 36. Nxd5 Ba3 37. Ra1 b4 38. Qc2 Raxd5 39. Kg1 Rb5 40. Qe4 Qd6 41. Kf2 b3 42. Bg1 Rxh1 43. Bxh1 b2 44. Rd1 Bf5 45. Qa8 b1Q 46. Rxb1 Rxb1 47. Be4 Rb2+ 48. Kf1 Bd7 49. Bf2 Rb8 50. Qa5 Bb5+ 51. Kg1 Bb4 52. Qa1 Rc8 53. d5+ Bc3 54. Qa7+ Kf6 55. Qb7 Ba6 56. Qb1 Bd2 57. Qb2+ Bc3 58. Qb1 Qb4 59. Qa2 Bc4 60. Qc2 Qb3 61. Qc1 Bxd5 62. Bxd5 Qxd5 63. Qb1 Rd8 64. Qb6+ Rd6 65. Qb8 Ng6 66. Qe8 Qd1+ 67. Kh2 Qf3 68. Kg1 Rd1+ 0-1

[Event "Oruro op 8th"]
[Site "Oruro"]
[Date "2022.05.05"]
[Round "2"]
[White "Garcia Alay, Marcial"]
[Black "Ticona Rocabado, Licael Roderick"]
[Result "0-1"]
[WhiteElo "1537"]
[BlackElo "2097"]
[PlyCount "62"]
[EventDate "2022.05.05"]
[EventType "swiss"]
[EventRounds "7"]
[EventCountry "BOL"]
[SourceTitle "CBM 208 Extra"]
[Source "ChessBase"]
[SourceDate "2022.07.31"]
[SourceVersion "1"]
[SourceVersionDate "2022.07.31"]
[SourceQuality "1"]

1. e4 c6 2. d4 d5 3. Nc3 dxe4 4. Nxe4 Nd7 5. Nf3 Ngf6 6. Ng3 e6 7. Bd3 Bd6 8. c4 0-0 9. 0-0 c5 10. dxc5 Bxc5 11. Qc2 b6 12. Bd2 Bb7 13. b4 Be7 14. Ng5 h6 15. N5e4 Ne5 16. Nxf6+ Bxf6 17. Be4 Bxe4 18. Nxe4 Rc8 19. c5 Nc6 20. Rad1 Nd4 21. Qa4 Be5 22. f4 Bb8 23. Be3 e5 24. cxb6 axb6 25. b5 Qd5 26. Ng3 Rc4 27. Qa6 Rc2 28. Bf2 Rxa2 29. Qxb6 Ba7 30. Qc7 Rxf2 31. Qxa7 Qxg2# 0-1